Taylor Swift Eras by Picture - Statistics

General Stats
  • This quiz has been taken 1,287 times
  • The average score is 10 of 10
Answer Stats
Picture Answer % Correct
Red
99%
Reputation
99%
Lover
98%
Midnights
98%
Speak Now
98%
Taylor Swift
97%
1989
96%
Evermore
96%
Fearless
96%
Folklore
95%
No matching quizzes found
Score Distribution
Percent of People with Each Score
Percentile by Number Answered
Your Score History
You have not taken this quiz